00523nam a22001817a 450000500170000001000130001702000250003003500130005503700250006808200080009310000180010124500480011926000410016727000810020830000240028949000250031370000030033820110725165756.0 aB-441256 a9788123755434c55.00 aB-441256 bNational Book Trust  a910 aMathur, S.N.  aAdventures in geography / cby S.M. Mathur  aNew DelhibNational Book Trustc2011 aNehru Bhawan, 5 Institutional Area, Phase-II, Vasant KunjbNew Delhie110070 ax, 132pc24cm (pbk) aYoung India Library